Welcome to WEB OPAC of MRSPTU Central Library

Foye's principles of medicinal Chemistry (Record no. 7137)

MARC details
000 -LEADER
fixed length control field 00466nam a2200181Ia 4500
008 - FIXED-LENGTH DATA ELEMENTS--GENERAL INFORMATION
fixed length control field 230711s9999||||xx |||||||||||||| ||und||
020 ## - INTERNATIONAL STANDARD BOOK NUMBER
International Standard Book Number 978-81-8473-672-4
041 ## - LANGUAGE CODE
Language code of text/sound track or separate title ENG
082 ## - DEWEY DECIMAL CLASSIFICATION NUMBER
Classification number 616.0756
Item number LE-F
100 ## - MAIN ENTRY--PERSONAL NAME
Personal name Lemke,Thomas L
245 #0 - TITLE STATEMENT
Title Foye's principles of medicinal Chemistry
250 ## - EDITION STATEMENT
Edition statement 7th Ed.
260 ## - PUBLICATION, DISTRIBUTION, ETC.
Date of publication, distribution, etc. 2013
Place of publication, distribution, etc. New Delhi
Name of publisher, distributor, etc. Wolters Kluwer(India) Pvt.Ltd
300 ## - PHYSICAL DESCRIPTION
Extent 1500p.
650 ## - SUBJECT ADDED ENTRY--TOPICAL TERM
Topical term or geographic name entry element Pharmacy
700 ## - ADDED ENTRY--PERSONAL NAME
Personal name Williams,David A
942 ## - ADDED ENTRY ELEMENTS (KOHA)
Koha item type Book
Holdings
Withdrawn status Lost status Damaged status Not for loan Collection Home library Current library Date acquired Source of acquisition Cost, normal purchase price Inventory number Total checkouts Full call number Barcode Date last seen Date last checked out Price effective from Koha item type
          MRSPTU Central Library MRSPTU Central Library   Krishna Book Distributors 1350.00 KBD/2016-2017/962442808 7 616.0756 LE-F P230 03/24/2026 02/25/2026 08/17/2023 Book
          MRSPTU Central Library MRSPTU Central Library   Krishna Book Distributors 1350.00 KBD/2016-2017/962442808 5 616.0756 LE-F P231 09/19/2025 08/26/2025 08/17/2023 Book
          MRSPTU Central Library MRSPTU Central Library   Krishna Book Distributors 1350.00 KBD/2016-2017/962442808   616.0756 LE-F P232 08/17/2023   08/17/2023 Book

Website Designed and Developed by MRSPTU Central Library Team

E-mail Id: librarian@mrsptu.ac.in